LOST Characters in order of most episodes Quiz Stats

 Plays Quiz not verified by Sporcle

Score 0/30 Timer 10:00
0 Plays Today
Clue Character Name % Correct
N/AJack Shephard
100%
N/AKate Austen
98.8%
N/AJames Ford
97%
N/AJohn Locke
95.7%
N/ABen Linus
94.5%
N/AHugo Reyes
91.5%
N/ASayid Jarrah
89%
N/AJin Kwon
89%
N/ASin Kwon
89%
N/AClaire Littleton
87.2%
N/ACharlie Pace
87.2%
N/AMichael Dawson
82.9%
N/AWalt Lloyd
80.5%
N/AJuliet Burke
79.9%
Season 5/6 onlyDaniel Farraday
79.9%
Clue Character Name % Correct
Dies on IslandShannon Rutherford
79.3%
Dies on IslandBoone Carlyle
78.7%
N/ADesmond Hume
78%
N/AMiles Straume
76.2%
Dies on IslandAna Lucia Cortez
76.2%
Season 5/6 onlyCharlotte Lewis
76.2%
N/ARose Nadler
75%
Not HumanVincent the Dog
72.6%
N/ABernard Nadler
72%
N/ARichard Alpert
71.3%
N/AMr Eko
68.9%
Season 5/6 onlyFrank Lapedus
64.6%
N/ADannielle Rousseau
43.9%
Dies on IslandTom Friendly
36%
Season 5/6 onlyIlana
27.4%

You're not logged in!

Compare scores with friends on all Sporcle quizzes.
OR
Log In

Show Comments

Extras

Top Quizzes Today


Score Distribution

Your Account Isn't Verified!

In order to create a playlist on Sporcle, you need to verify the email address you used during registration. Go to your Sporcle Settings to finish the process.

Report this User

Report this user for behavior that violates our Community Guidelines.

Details: